000 00345cam a22001097a 4500
008 180718b1988 xxu||||| |||| 00| 0 eng d
082 _aA75 UT8HA
245 _aUttar Pradesh district gazetteers: Hardoi
_cedited by Amar Singh Baghel
260 _aLucknow
_bDepartment of District Gazetteers
_c1988
300 _a348+p.
700 _aBaghel, Amar Singh
999 _c486983
_d486983